000 00893nam a2200277Ia 4500
003 OSt
005 20221007123824.0
006 a|||||r|||| 00| 0
007 ta
008 221006b |||||||| |||| 00| 0 eng d
020 _a9781402061196 (hbd)
_c3499.67
024 _a79432
037 _b0071, 21/11/2007, Dhanraj Book House
_cTextbook
040 _aCDL
_cCDL
_beng
041 _2eng
_aeng
082 _aE:221, P7 Carc
100 _aFahlman Bradely D
_9717930
245 0 _aMaterials chemistry
260 _aNetherlands
_bSpringer
_c2007
300 _axi,485p.
_ccm.
500 _aIncludes bibliographical references; Appendix A-C 433-473p; Index 475-485p
650 _a Materials chemistry
_9717931
650 _aChemistry
942 _hE:221, P7 Carc
_cTB
_2CC
999 _c1212525
_d1212525